Morálna predstavivosť manažérov ako predpoklad zodpovedného správania podnikov

Názory na zodpovedné správanie podnikov a manažérov s dôrazom na nový fenomén - morálnu predstavivosť, ktorá tieto procesy môže výrazným spôsobom (pozitívne, ale aj negatívne) ovplyvniť.

Salvato in:
Dettagli Bibliografici
Autore principale: Minárová, Martina
Altri autori: Musová, Zdenka
Natura: Capitolo di libro
Lingua:slovacco
Soggetti:
Tags: Aggiungi Tag
Nessun Tag, puoi essere il primo ad aggiungerne!!

MARC

LEADER 00000nla a2200000 4500
001 0178388
005 20220322114809.1
041 0 |a slo 
044 |a SK 
245 1 0 |a Morálna predstavivosť manažérov ako predpoklad zodpovedného správania podnikov  |c Martina Minárová, Zdenka Musová 
520 |a Názory na zodpovedné správanie podnikov a manažérov s dôrazom na nový fenomén - morálnu predstavivosť, ktorá tieto procesy môže výrazným spôsobom (pozitívne, ale aj negatívne) ovplyvniť. 
610 2 0 |a manažéri 
610 2 0 |a manažment 
610 2 0 |a etika manažérska 
610 2 0 |a rozhodovanie manažérske 
610 2 0 |a morálka 
610 2 0 |a zodpovednosť podniku spoločenská 
100 1 |a Minárová, Martina 
700 1 |a Musová, Zdenka